Pays Membres du MERCOSUR / MERCOSUL - Statistiques

Statistiques générales
  • Ce quiz a été pris 298 fois
  • Le résultat moyen est 8 sur 9
Statistiques - réponses
Etats Réponse % Correct
Etat Membre Argentine
99%
Etat Membre Brésil
98%
Etat Membre Uruguay
91%
Etat Membre Paraguay
89%
Etat Associé Chili
88%
Etat Associé Colombie
88%
Etat Membre Bolivie
86%
Etat Associé Pérou
80%
Etat Associé Equateur
78%
Aucun quiz correspondant
Distribution des résultats
% des personnes avec chaque résultat
Percentile par nombre de réponses
Votre historique - résultats
Vous n’avez pas pris ce quiz